000 00527nam a2200181Ia 4500
005 20250508155450.0
008 008 250505s9999 xx 000 0 eng d
037 _aTextual
040 _aFEDL
_beng
_cFEDL
041 _aeng
_2eng
084 _a371.23, UNI
_qFEDL
245 0 _aSummer institutes
245 0 _cUniversity Grants Commission
260 _aNew Delhi, India
_bNational Council of Educational Research and Training
300 _a36p.
942 _cTEXL
_h371.23, UNI
999 _c1357091
_d1357091